1923 1975 1457 1178 1857 1389 1739 1238 1230 1556 1178 1107 1307 1444 1367 1614 1437 1860 1054 1896 1440 1386 1583 1490 1701 1192 1018 1326 2000 1178 1933 1657 1381 1264 1554 1346 1445 1172 1356 1842 1708 1937 1333 1051 1033 1700 1022 1335 1872 1839 1760 1419 1918 1232 1254 1331 1107 1689 1530 1774 1971 1529 1829 1397 1464 1126 1421 1428 1137 1612 1734 1354 1210 1282 1783 1304 1529 1747 1698 1057 1380 1386 1729 1138 1475 1257 1692 1050 1654 1644 1389 1190 1782 1274 1082 1642 1516 1262 1844 BCNSPRNW ULIB Ver.6.0+V

เปลี่ยนเป็นภาษาไทย

Change to English
 แสดงรายละเอียดบรรณานุกรม
  กลับหน้าหลัก

Brief Record : Get Marc (ISO 2709) : E-mail record : QR code < ปิดหน้าต่าง
LEADER : 00000nam 2200000uu 4500
001    13399110207
003     ULIB
008    110425s2544||||th 000 0 tha d
020    9746542788
060 04 WL346^bค54ก 2544
245 00 คู่มือการดูแลผู้ป่วยอัมพาตที่บ้าน /^cบรรณาธิการ, เจียมจิต แสงสุวรรณ, อัจฉรา หล่อวิจิตร
260    ขอนแก่น :^bขอนแก่นการพิมพ์,^c2544
300    198 หน้า :^bภาพประกอบ ;^c21 ซม.
650  7 กายภาพบำบัด
650  7 ผู้ป่วย, การจัดการดูแล
650  7 ผู้ป่วย, การวางแผนดูแล
650  7 อัมพาต^xการฟื้นฟูสมรรถภาพ
700 0  เจียมจิต แสงสุวรรณ,^eบรรณาธิการ
700 0  อัจฉรา หล่อวิจิตร,^eบรรณาธิการ
710 2  มหาวิทยาลัยขอนแก่น.^bภาควิชาการพยาบาลอายุรศาสตร์และศัลยศาสตร์
945    ^p100^l0^i013732
945    ^p100^l0^i013731
945    ^p100^l0^i013733
995    ทศพร
999 ^a ใช้งานได้ทุกระบบ
รายการนี้ยังไม่มีแท็ก
คุณยังไม่ได้ล็อกอิน คุณสามารถมีกิจกรรมร่วมกับเว็บไซต์ได้ แต่ต้องล็อกอินก่อน ::
  ล็อกอิน

รายการสื่อสารสนเทศ

ลำดับที่ ประเภท เลขเรียก/บาร์โค้ด สถานที่ สถานะ
- ไม่พบข้อมูล -

รายการใกล้เคียง
    หัวเรื่อง [กายภาพบำบัด]
    หัวเรื่อง [ผู้ป่วย, การจัดการดูแล]
    หัวเรื่อง [ผู้ป่วย, การวางแผนดูแล]

BibComment


ยังไม่เคยถูกคอมเมนท์

คอมเมนท์ทรัพยากรรายการนี้
  คอมเมนท์: คู่มือการดูแลผู้ป..


 Copyright 2026. Bcnsprnw @Library